[Event "Nezhmetdinov Cup 2013"]
[Site "?"]
[Date "2013.06.03"]
[Round "4.21"]
[White "Ponfilenok, Vladimir"]
[Black "Murtazin, Bulat"]
[Result "0-1"]
[WhiteElo "2395"]
[BlackElo "2151"]
[PlyCount "126"]
[EventDate "2013.06.03"]

1. d4 Nf6 2. c4 e6 3. g3 d5 4. Nf3 dxc4 5. Bg2 a6 6. O-O Nc6 7. e3 Bd7 8. Qe2
b5 9. Rd1 Rb8 10. Nc3 Be7 11. Ne5 Nb4 12. e4 O-O 13. a3 Nc6 14. Nxc6 Bxc6 15.
d5 exd5 16. e5 Ne8 17. Nxd5 Bxd5 18. Bxd5 Qc8 19. Qf3 Rb6 20. a4 c6 21. a5 Rb8
22. Bxc6 Nc7 23. Be3 Ne6 24. Ba7 Ng5 25. Qg2 Qf5 26. Bxb8 Rxb8 27. h4 Ne6 28.
Qe4 Qh3 29. Qg2 Qf5 30. Qe4 Qh3 31. Bd7 Bc5 32. Bxe6 fxe6 33. Qg2 Qf5 34. Re1
Qc2 35. Qf1 Qxb2 36. Re2 Qc3 37. Rd1 Qxg3+ 38. Qg2 Qxh4 39. Rd7 Bf8 40. Re4 Qh5
41. Re3 b4 42. Qc6 b3 43. Rb7 Rd8 44. Qxe6+ Kh8 45. Rh3 Qg5+ 46. Rg3 Qh4 47.
Qg4 Qxg4 48. Rxg4 c3 49. Rc4 c2 50. Rxb3 Rd1+ 51. Kg2 c1=Q 52. Rxc1 Rxc1 53.
Rb6 Kg8 54. e6 Re1 55. Rxa6 g6 56. Rc6 Be7 57. a6 Kg7 58. Rc4 Ra1 59. Rc6 Kf6
60. f4 Ra3 61. Rb6 Kf5 62. Rc6 Bf6 63. Rb6 Kxf4 0-1

[Event "Nezhmetdinov Cup 2013"]
[Site "?"]
[Date "2013.06.03"]
[Round "4.22"]
[White "Dmitriev, Igor"]
[Black "Sharafiev, Azat"]
[Result "0-1"]
[WhiteElo "2289"]
[BlackElo "2451"]
[PlyCount "96"]
[EventDate "2013.06.03"]

1. c4 Nf6 2. g3 c6 3. Nf3 d5 4. Qa4 e6 5. Bg2 Nbd7 6. d3 Bd6 7. O-O O-O 8. Bd2
Qe7 9. Qc2 e5 10. e4 dxe4 11. dxe4 Nc5 12. Nh4 a5 13. Nc3 Ne6 14. Nf5 Qc7 15.
Na4 Nd7 16. Be3 Ndc5 17. Rad1 Be7 18. f4 Nxa4 19. Nxe7+ Qxe7 20. Qxa4 Nd4 21.
fxe5 c5 22. Bxd4 cxd4 23. Qb5 Rd8 24. Rd2 h6 25. Rf4 Qc7 26. Bf1 Bd7 27. Qb3
Be6 28. Qb5 Ra6 29. c5 Rc6 30. b4 axb4 31. Qxb4 Qxe5 32. Bc4 Bxc4 33. Qxc4 Rd7
34. Qb5 g5 35. Rf3 Qxe4 36. Qd3 Qe7 37. h4 Rxc5 38. Re2 Re5 39. Rxe5 Qxe5 40.
hxg5 hxg5 41. Rf5 Qe7 42. Qb5 d3 43. Rxg5+ Kf8 44. Rd5 Qe3+ 45. Kh2 Rxd5 46.
Qxd5 d2 47. Qd8+ Kg7 48. Kh3 Qe6+ 0-1

[Event "Nezhmetdinov Cup 2013"]
[Site "?"]
[Date "2013.06.03"]
[Round "4.23"]
[White "Mischuk, Dmitry"]
[Black "Atalik, Suat"]
[Result "0-1"]
[WhiteElo "2312"]
[BlackElo "2597"]
[PlyCount "102"]
[EventDate "2013.06.03"]

1. d4 Nf6 2. c4 e6 3. Nf3 b6 4. g3 Bb4+ 5. Nbd2 Bb7 6. Bg2 O-O 7. O-O d5 8. Qc2
Re8 9. Ne5 Bf8 10. Rd1 Na6 11. a3 c5 12. dxc5 bxc5 13. Nd3 Qe7 14. Nf3 d4 15.
e3 Be4 16. exd4 Qb7 17. Qe2 cxd4 18. b4 Nd7 19. Nf4 e5 20. Nd5 f5 21. Bh3 d3
22. Qe3 Nb6 23. Nxb6 axb6 24. Ng5 Nxb4 25. Nxe4 fxe4 26. Rb1 Bc5 27. axb4 Bxe3
28. Bxe3 b5 29. cxb5 Qxb5 30. Bg2 Ra2 31. Bxe4 Rd8 32. Rb3 d2 33. Rbb1 Qc4 34.
Bg2 Qc2 35. Bf3 Ra3 36. Bb6 Rxf3 37. Bxd8 Rb3 38. Ra1 Rxb4 39. Bg5 Rd4 40. Be3
Rd7 41. h3 Kf7 42. Kg2 h6 43. g4 Rd6 44. Kf3 Ke7 45. Ke2 Qc4+ 46. Kf3 e4+ 47.
Kg3 Qe2 48. Kh4 Rd5 49. Rab1 Kf7 50. Rb7+ Kg6 51. Rbb1 Rd3 0-1

[Event "Nezhmetdinov Cup 2013"]
[Site "?"]
[Date "2013.06.03"]
[Round "4.24"]
[White "Gabuzyan, Hovhannes"]
[Black "Matsenko, Andrei"]
[Result "1/2-1/2"]
[WhiteElo "2532"]
[BlackElo "2212"]
[PlyCount "81"]
[EventDate "2013.06.03"]

1. d4 d5 2. c4 c6 3. Nf3 Nf6 4. e3 Bf5 5. Nc3 e6 6. Nh4 Bg6 7. Nxg6 hxg6 8. g3
Nbd7 9. Qc2 Bd6 10. Bg2 Qe7 11. Bd2 O-O 12. O-O Rfe8 13. b3 a6 14. Rfe1 Bb4 15.
Qd3 g5 16. h3 g4 17. hxg4 Nxg4 18. e4 dxe4 19. Rxe4 f5 20. Re2 Qf7 21. Rae1 e5
22. c5 exd4 23. Rxe8+ Rxe8 24. Rxe8+ Qxe8 25. Qc4+ Kh8 26. Qxb4 dxc3 27. Bxc3
Qe2 28. Qf4 Qc2 29. Bd4 Ndf6 30. Bf1 Kh7 31. Bc4 Kg6 32. Be6 Qd3 33. Bc8 Nh5
34. Qd6+ Kh7 35. Qd7 Qb1+ 36. Kg2 Qe4+ 37. Kg1 Qb1+ 38. Kg2 Qe4+ 39. Kg1 Qb1+
40. Kg2 Qe4+ 41. Kg1 1/2-1/2

[Event "Nezhmetdinov Cup 2013"]
[Site "?"]
[Date "2013.06.03"]
[Round "4.25"]
[White "Kalegin, Evgenij"]
[Black "Vasiljev, Vasily"]
[Result "1-0"]
[WhiteElo "2447"]
[BlackElo "2202"]
[PlyCount "82"]
[EventDate "2013.06.03"]

1. e4 e5 2. Nf3 Nf6 3. Nxe5 d6 4. Nf3 Nxe4 5. Bd3 d5 6. O-O Bd6 7. c4 Nc5 8.
cxd5 Nxd3 9. Qe2+ Qe7 10. Qxd3 O-O 11. Qe3 Nd7 12. d4 Nb6 13. Nc3 Bf5 14. Qxe7
Bxe7 15. Bf4 Bb4 16. Bg3 Bxc3 17. bxc3 Bd3 18. Rfc1 Nxd5 19. c4 Nb6 20. Bxc7
Nxc4 21. d5 Nb6 22. Ne5 Bf5 23. Bxb6 axb6 24. Nc4 Rad8 25. Ne3 Be4 26. Rd1 Rfe8
27. Rac1 f5 28. d6 Kf7 29. Rc7+ Kf6 30. Nc4 Bc2 31. Rc1 Bd3 32. Nxb6 Rxd6 33.
Nd7+ Kg6 34. f4 Re2 35. Ne5+ Kf6 36. Nxd3 Rxd3 37. Rxb7 Rd6 38. a3 h6 39. h4 h5
40. Rcc7 Re4 41. Rf7+ Ke6 1-0

[Event "Nezhmetdinov Cup 2013"]
[Site "?"]
[Date "2013.06.03"]
[Round "4.28"]
[White "Sarana, Alexey"]
[Black "Yandemirov, Valeri"]
[Result "1/2-1/2"]
[WhiteElo "2209"]
[BlackElo "2422"]
[PlyCount "93"]
[EventDate "2013.06.03"]

1. d4 Nf6 2. c4 g6 3. Nc3 d5 4. Bg5 Bg7 5. Bxf6 Bxf6 6. cxd5 c6 7. Rc1 O-O 8.
dxc6 Bxd4 9. c7 Bxc3+ 10. Rxc3 Qxd1+ 11. Kxd1 Nc6 12. e4 Bd7 13. Nf3 Rac8 14.
Bb5 Rxc7 15. Kd2 f5 16. Re1 Rd8 17. exf5 Bxf5+ 18. Ke3 Nb4 19. Rxc7 Nd5+ 20.
Ke2 Nxc7 21. Bc4+ Kg7 22. Ke3 Kf6 23. h3 g5 24. g4 Bg6 25. h4 h6 26. hxg5+ hxg5
27. Rc1 Rd6 28. Nd4 e5 29. Nf3 Rc6 30. Rc3 Ne8 31. Bd5 Rxc3+ 32. bxc3 Nd6 33.
Nd2 b6 34. c4 Bc2 35. Nb3 Bxb3 36. axb3 a5 37. Kd3 Ke7 38. Kc3 Ne8 39. b4 axb4+
40. Kxb4 Kd6 41. f3 Nc7 42. Bb7 Ne6 43. Kb5 Kc7 44. Bd5 Nd4+ 45. Kb4 Kd6 46.
Be4 Ne6 47. Kb5 1/2-1/2

[Event "Nezhmetdinov Cup 2013"]
[Site "?"]
[Date "2013.06.03"]
[Round "4.29"]
[White "Drachev, Oleg"]
[Black "Belyakov, Bogdan"]
[Result "0-1"]
[WhiteElo "2187"]
[BlackElo "2407"]
[PlyCount "86"]
[EventDate "2013.06.03"]

1. e4 e5 2. Nf3 Nc6 3. Nc3 Nf6 4. d4 exd4 5. Nxd4 Bb4 6. Nxc6 bxc6 7. Bd3 d5 8.
exd5 Qe7+ 9. Qe2 Qxe2+ 10. Bxe2 Ne4 11. Bd2 Bxc3 12. bxc3 Nxd2 13. Kxd2 cxd5
14. Bf3 Be6 15. Rhb1 O-O-O 16. Rb4 Rd6 17. Rab1 Rb6 18. a4 Rd8 19. h4 Rdd6 20.
a5 Rxb4 21. cxb4 Bf5 22. Re1 Kd7 23. Re5 Be6 24. g3 Rc6 25. Be2 Kd6 26. f4 f6
27. Re3 d4 28. Re4 Kd5 29. Bf3 Rc4 30. b5 Kd6 31. Bd1 Ra4 32. a6 Bd7 33. Be2 c6
34. f5 cxb5 35. Rg4 d3 36. Rxa4 bxa4 37. Bxd3 Kc5 38. Kc3 Bb5 39. g4 Bxd3 40.
cxd3 Kb5 41. g5 Kxa6 42. h5 h6 43. gxh6 gxh6 0-1

[Event "Nezhmetdinov Cup 2013"]
[Site "?"]
[Date "2013.06.03"]
[Round "4.30"]
[White "Zenzera, Alexey"]
[Black "Pushkin, Eduard"]
[Result "1-0"]
[WhiteElo "2387"]
[BlackElo "2170"]
[PlyCount "65"]
[EventDate "2013.06.03"]

1. c4 Nf6 2. Nc3 e5 3. g3 g6 4. Bg2 Bg7 5. e4 O-O 6. Nge2 d6 7. O-O Be6 8. d3
c6 9. Rb1 Qd7 10. f4 Bh3 11. f5 Bxg2 12. Kxg2 d5 13. cxd5 cxd5 14. Bg5 dxe4 15.
dxe4 Qxd1 16. Rbxd1 Nbd7 17. Rd6 h6 18. Be3 Rfc8 19. fxg6 fxg6 20. Rfd1 Nf8 21.
Bxh6 Ne8 22. Bxg7 Nxd6 23. Bxf8 Nc4 24. Bh6 Nb6 25. Bg5 Rc6 26. h4 Rf8 27. Bh6
Rf7 28. Ng1 Nc4 29. Nf3 Nxb2 30. Rd8+ Kh7 31. Ng5+ Kxh6 32. Nxf7+ Kg7 33. Nxe5
1-0

[Event "Nezhmetdinov Cup 2013"]
[Site "?"]
[Date "2013.06.03"]
[Round "4.31"]
[White "Chumachenko, Alexander"]
[Black "Denisov, Lev"]
[Result "0-1"]
[WhiteElo "2119"]
[BlackElo "2368"]
[PlyCount "80"]
[EventDate "2013.06.03"]

1. d4 Nf6 2. c4 e6 3. g3 c5 4. d5 exd5 5. cxd5 d6 6. Bg2 g6 7. Nc3 Bg7 8. Nf3
O-O 9. O-O Re8 10. h3 a6 11. a4 Ne4 12. Nxe4 Rxe4 13. Nd2 Re8 14. Nc4 Qc7 15.
Bf4 Bf8 16. e4 Nd7 17. a5 b5 18. axb6 Nxb6 19. Na5 Bd7 20. Qc2 Ra7 21. g4 Bb5
22. Rfe1 Nxd5 23. exd5 Rxe1+ 24. Rxe1 Qxa5 25. Bd2 Qd8 26. Bf3 Bg7 27. Bc3 Re7
28. Rxe7 Qxe7 29. Kg2 Bd4 30. Bxd4 cxd4 31. Be4 Qe5 32. f3 Qf4 33. h4 Kg7 34.
Qb3 Qd2+ 35. Kg3 Qe1+ 36. Kh2 Qf2+ 37. Kh1 Bf1 38. Qc2 Qxc2 39. Bxc2 d3 40. Bb3
Be2 0-1

[Event "Nezhmetdinov Cup 2013"]
[Site "?"]
[Date "2013.06.03"]
[Round "4.32"]
[White "Lyutov, Timofey"]
[Black "Gerasimov, Ivan"]
[Result "0-1"]
[WhiteElo "1856"]
[BlackElo "2336"]
[PlyCount "56"]
[EventDate "2013.06.03"]

1. e4 c5 2. Nf3 e6 3. c4 d6 4. Nc3 Nf6 5. d4 cxd4 6. Nxd4 Be7 7. Be3 a6 8. Be2
O-O 9. O-O b6 10. f3 Bb7 11. Rc1 Nbd7 12. a3 Rc8 13. b4 Qc7 14. Nb3 Qb8 15. Qd2
Rfe8 16. a4 Ne5 17. Na2 d5 18. cxd5 exd5 19. exd5 Nxd5 20. Bf2 Rcd8 21. Nd4 Ng6
22. g3 Qe5 23. Rfe1 Bg5 24. f4 Ndxf4 25. gxf4 Bxf4 26. Qd3 Qg5+ 27. Bg3 Be3+
28. Kf1 Rxd4 0-1

[Event "Nezhmetdinov Cup 2013"]
[Site "?"]
[Date "2013.06.03"]
[Round "4.33"]
[White "Odnorozhenko, Evgenyi"]
[Black "Makarenko, Alexandra"]
[Result "1/2-1/2"]
[WhiteElo "2319"]
[BlackElo "2124"]
[PlyCount "109"]
[EventDate "2013.06.03"]

1. e4 e5 2. Bc4 Nf6 3. d4 exd4 4. Nf3 Nc6 5. e5 d5 6. Bb5 Ne4 7. Nxd4 Bd7 8.
Bxc6 bxc6 9. O-O Rb8 10. f3 Ng5 11. f4 Ne4 12. Nd2 Nxd2 13. Bxd2 Bc5 14. Bc3
O-O 15. Kh1 Bxd4 16. Qxd4 Bf5 17. Qxa7 Re8 18. Rf2 Re6 19. Qe3 Qh4 20. b4 Rbe8
21. Qg3 Qe7 22. Qg5 Qxg5 23. fxg5 Be4 24. Kg1 c5 25. bxc5 Rc6 26. Bd4 Ra6 27.
c3 h6 28. gxh6 gxh6 29. Rb2 Ree6 30. Rb7 Rac6 31. a4 Kf8 32. a5 Bd3 33. Kf2 Ke8
34. g4 Rg6 35. Ke3 Ba6 36. Rb8+ Ke7 37. Kf4 h5 38. g5 Be2 39. h4 Rge6 40. Rab1
Ra6 41. R1b2 Bd3 42. Rh8 Rxa5 43. c6 Rxc6 44. Rbb8 Rg6 45. Rbd8 Bb5 46. Rxd5
Rga6 47. Bc5+ Ke6 48. Rdd8 Ra4+ 49. Bb4 c5 50. Rh6+ Ke7 51. Rd5 cxb4 52. Rxb5
bxc3+ 53. Kf5 Rxh6 54. gxh6 Ra6 55. Rc5 1/2-1/2

[Event "Nezhmetdinov Cup 2013"]
[Site "?"]
[Date "2013.06.03"]
[Round "4.34"]
[White "Sadykov, Ramil"]
[Black "Kungurov, Andrei"]
[Result "1-0"]
[WhiteElo "2250"]
[BlackElo "2054"]
[PlyCount "60"]
[EventDate "2013.06.03"]

1. e4 c5 2. Nf3 d6 3. Bc4 e6 4. d3 Be7 5. O-O a6 6. Bb3 b5 7. Re1 Nd7 8. Nbd2
Nb6 9. c3 Bd7 10. d4 Qc7 11. e5 d5 12. Nf1 b4 13. Ng3 g6 14. dxc5 Bxc5 15. cxb4
Bxb4 16. Bd2 Bxd2 17. Qxd2 h6 18. Rac1 Qd8 19. h4 Ne7 20. h5 g5 21. Nh2 Rc8 22.
Ng4 Rxc1 23. Rxc1 Kf8 24. f4 Nf5 25. Nxf5 exf5 26. Nf6 gxf4 27. Qxf4 Be6 28.
Qb4+ Kg7 29. Rc3 Rf8 30. Rg3+ Kh8 1-0

[Event "Nezhmetdinov Cup 2013"]
[Site "?"]
[Date "2013.06.03"]
[Round "4.35"]
[White "Sazonova, Anastasia"]
[Black "Lugovskoy, Maxim"]
[Result "0-1"]
[WhiteElo "2097"]
[BlackElo "2396"]
[PlyCount "104"]
[EventDate "2013.06.04"]

1. e4 e6 2. d3 d5 3. Qe2 Nc6 4. Nf3 e5 5. exd5 Qxd5 6. Nc3 Bb4 7. Bd2 Bxc3 8.
Bxc3 Bg4 9. Qe4 Bxf3 10. Qxf3 Qxf3 11. gxf3 f6 12. Bd2 Nd4 13. O-O-O Nxf3 14.
Bg2 Nxd2 15. Bxb7 Rb8 16. Bc6+ Kf7 17. Bd5+ Kf8 18. Rxd2 Ne7 19. Bg2 c5 20. c3
Ng6 21. d4 cxd4 22. cxd4 Nh4 23. Bd5 Rc8+ 24. Kb1 Rd8 25. dxe5 Nf3 26. Rc2 Nxe5
27. Rc7 g5 28. Be6 Re8 29. Bf5 Re7 30. Rhc1 h5 31. Rc8+ Kg7 32. R1c7 Rhe8 33.
Rxa7 Rxa7 34. Rxe8 Ra4 35. Bc2 Rf4 36. a4 Rxf2 37. Rc8 Rd2 38. Rc7+ Kf8 39. a5
Rd6 40. b4 Ke8 41. b5 Kd8 42. Rc3 Rd5 43. Rb3 Nc4 44. a6 Kc7 45. a7 Kb7 46. b6
f5 47. Bd3 Nd2+ 48. Kb2 Nxb3 49. Ba6+ Ka8 50. Kxb3 Rd6 51. Be2 Rxb6+ 52. Kc4 h4
0-1

[Event "Nezhmetdinov Cup 2013"]
[Site "?"]
[Date "2013.06.03"]
[Round "4.38"]
[White "Khusnutdinova, Alsu"]
[Black "Kostrikina, Anna"]
[Result "0-1"]
[WhiteElo "2001"]
[BlackElo "2151"]
[PlyCount "118"]
[EventDate "2013.06.04"]

1. e4 c5 2. Nf3 Nc6 3. d4 cxd4 4. Nxd4 Qb6 5. Nb3 Nf6 6. Nc3 e6 7. Be3 Qc7 8.
Qd2 Bb4 9. f3 d5 10. a3 Bxc3 11. Qxc3 dxe4 12. fxe4 O-O 13. Bd3 Ng4 14. Bc5 Rd8
15. O-O-O b6 16. h3 Nge5 17. Bd4 Nxd3+ 18. Rxd3 Qf4+ 19. Be3 Rxd3 20. Qxd3 Qc7
21. Rd1 Bb7 22. Qd7 Rc8 23. Qxc7 Rxc7 24. Bf4 Rc8 25. Rd7 Ba8 26. Nd2 e5 27.
Be3 f6 28. Nc4 Rd8 29. Rc7 h5 30. g3 Kh7 31. g4 hxg4 32. hxg4 Nd4 33. g5 Ne2+
34. Kb1 fxg5 35. Nxe5 Bxe4 36. Bxg5 Rd5 37. Nf7 Rd1+ 38. Ka2 Kg6 39. c4 Bf5 40.
Re7 Nd4 41. b3 Be6 42. Be3 Bxf7 43. Rd7 Ne2 44. Rxa7 Rd3 45. Re7 Nc3+ 46. Ka1
Nd1 47. Bxb6 Rxb3 48. c5 Nc3 49. Re1 Rxa3+ 50. Kb2 Rb3+ 51. Kc2 Na4 52. Rg1+
Kh7 53. Rf1 Rb2+ 54. Kd3 Bg6+ 55. Kd4 Nxb6 56. cxb6 Rxb6 57. Rh1+ Kg8 58. Ke5
Rf6 59. Rg1 Kf7 0-1

[Event "Nezhmetdinov Cup 2013"]
[Site "?"]
[Date "2013.06.03"]
[Round "4.39"]
[White "Kaliadzich, Maryia"]
[Black "Safiullin, Rafael"]
[Result "1-0"]
[WhiteElo "1982"]
[BlackElo "2149"]
[PlyCount "109"]
[EventDate "2013.06.04"]

1. e4 e5 2. Nf3 Nc6 3. Bc4 Nf6 4. d4 exd4 5. O-O Nxe4 6. Re1 d5 7. Bxd5 Qxd5 8.
Nc3 Qh5 9. Nxe4 Be6 10. Bg5 Bd6 11. Nxd6+ cxd6 12. Bf4 O-O 13. Nxd4 Qxd1 14.
Raxd1 Nxd4 15. Rxd4 d5 16. Rd2 Rfc8 17. Be5 Rc6 18. Bd4 b6 19. Rde2 Rac8 20. c3
a5 21. f4 Kf8 22. Re5 g6 23. h3 h5 24. Kf2 Re8 25. Kf3 f6 26. R5e2 Bd7 27.
Rxe8+ Bxe8 28. g4 hxg4+ 29. hxg4 Bd7 30. Rh1 a4 31. a3 b5 32. Rh8+ Kf7 33. Rh7+
Ke8 34. Rg7 f5 35. g5 Re6 36. Bf6 Bc6 37. Kf2 d4 38. Bxd4 Bd5 39. Be5 Bc4 40.
Ke3 Kf8 41. Rc7 Ke8 42. Kd4 Re7 43. Rc8+ Kd7 44. Rc7+ Ke8 45. Rc6 Rd7+ 46. Bd6
Rh7 47. Bb4 Rh2 48. Rxg6 Rxb2 49. Rf6 Rd2+ 50. Kc5 Bd3 51. Kc6 Be4+ 52. Kxb5
Bc2 53. g6 Rg2 54. Kc6 Be4+ 55. Kc7 1-0

[Event "Nezhmetdinov Cup 2013"]
[Site "?"]
[Date "2013.06.03"]
[Round "4.40"]
[White "Bitkinin, Lenar"]
[Black "Rivonenko, Vladislav"]
[Result "0-1"]
[WhiteElo "2147"]
[BlackElo "2026"]
[PlyCount "110"]
[EventDate "2013.06.04"]

1. Nf3 Nf6 2. d4 e6 3. c4 d5 4. Nc3 Be7 5. Bg5 h6 6. Bh4 O-O 7. e3 Ne4 8. Bxe7
Qxe7 9. Nxe4 dxe4 10. Nd2 f5 11. Qc2 Nd7 12. O-O-O e5 13. d5 a6 14. h4 b5 15.
g4 fxg4 16. Nxe4 Nf6 17. Ng3 Bd7 18. c5 Rad8 19. c6 Bc8 20. Bg2 Qf7 21. Qc5 Ne8
22. Be4 Nd6 23. Rh2 Nxe4 24. Nxe4 Qf3 25. Ng3 Rd6 26. Rd2 Bf5 27. Rh1 Be4 28.
Rhd1 Rfd8 29. Nxe4 Qxe4 30. b3 Ra8 31. Kb2 h5 32. Qc2 Qxc2+ 33. Kxc2 Rf8 34.
Kc3 a5 35. a4 bxa4 36. bxa4 Rdf6 37. d6 cxd6 38. Rxd6 Rc8 39. Rxf6 gxf6 40. Rd6
Kf7 41. Kc4 Ke7 42. Rd7+ Ke6 43. Kc5 f5 44. Kb6 Rb8+ 45. Ka7 Rb2 46. Rb7 Rxf2
47. c7 Rc2 48. Kb8 f4 49. c8=Q+ Rxc8+ 50. Kxc8 f3 51. e4 f2 52. Rb6+ Ke7 53.
Rb7+ Ke8 54. Rb1 g3 55. Kb8 g2 0-1

[Event "Nezhmetdinov Cup 2013"]
[Site "?"]
[Date "2013.06.03"]
[Round "4.41"]
[White "Ioffe, Dmitry"]
[Black "Askerov, Marat"]
[Result "1/2-1/2"]
[WhiteElo "2138"]
[BlackElo "1994"]
[PlyCount "95"]
[EventDate "2013.06.04"]

1. d4 Nf6 2. Nf3 e6 3. e3 d5 4. Bd3 Bd6 5. Nbd2 O-O 6. O-O c5 7. c3 Nbd7 8. e4
cxd4 9. cxd4 dxe4 10. Nxe4 Nxe4 11. Bxe4 Nf6 12. Bc2 h6 13. Be3 b6 14. Qd2 Bb7
15. Bxh6 gxh6 16. Qxh6 Be4 17. Qg5+ Bg6 18. Bxg6 fxg6 19. Qxg6+ Kh8 20. Ng5 Qd7
21. Rae1 Rae8 22. Re3 Re7 23. Rfe1 Nh7 24. Ne4 Rg7 25. Qh5 Bb4 26. Rd1 Qc6 27.
Qe2 Rd8 28. Ng3 Rg6 29. a3 Bf8 30. Rc3 Qd5 31. Re3 Bg7 32. Re4 e5 33. Rd3 exd4
34. Re7 a6 35. h4 Bf8 36. Re5 Qg8 37. h5 Rg5 38. Re4 Nf6 39. Rexd4 Rxd4 40.
Rxd4 Bc5 41. Qd2 Bxd4 42. Qxd4 Qg7 43. Qd8+ Qg8 44. Qxf6+ Qg7 45. Qxb6 a5 46.
Qd8+ Kh7 47. Qd3+ Kh8 48. Qd8+ 1/2-1/2

[Event "Nezhmetdinov Cup 2013"]
[Site "?"]
[Date "2013.06.03"]
[Round "4.42"]
[White "Beinenson, Katsiaryna"]
[Black "Fakhrutdinov, Timur"]
[Result "1-0"]
[WhiteElo "1970"]
[BlackElo "2128"]
[PlyCount "85"]
[EventDate "2013.06.04"]

1. e4 c5 2. c3 g6 3. d4 cxd4 4. cxd4 d5 5. exd5 Nf6 6. Qa4+ Nbd7 7. Nc3 Bg7 8.
Be2 O-O 9. Bf3 Nb6 10. Qb3 Bf5 11. Nge2 Bd3 12. d6 exd6 13. Bxb7 Rb8 14. Bf3
Nc4 15. Qd1 Nxb2 16. Qd2 Qb6 17. O-O Bf5 18. g4 Nc4 19. Qf4 Bd7 20. g5 Ne8 21.
Rb1 Qd8 22. Rxb8 Qxb8 23. Nd5 Qd8 24. Nec3 Kh8 25. Re1 f6 26. Ne7 Ne5 27. dxe5
Qxe7 28. e6 fxg5 29. Qe3 Qxe6 30. Qxe6 Bxe6 31. Rxe6 Bxc3 32. Bc6 Ng7 33. Rxd6
Be5 34. Rd5 Bf4 35. Bb2 g4 36. Rd7 Bh6 37. Rxa7 Rb8 38. Be5 Rd8 39. a4 Kg8 40.
a5 Ne6 41. a6 Nf4 42. Rd7 Re8 43. a7 1-0

[Event "Nezhmetdinov Cup 2013"]
[Site "?"]
[Date "2013.06.03"]
[Round "4.43"]
[White "Zlachevskiy, Leonid"]
[Black "Fedotov, Nikita"]
[Result "1-0"]
[WhiteElo "2125"]
[BlackElo "1973"]
[PlyCount "85"]
[EventDate "2013.06.04"]

1. e4 c5 2. Nc3 a6 3. Nge2 b5 4. d4 cxd4 5. Nxd4 Bb7 6. Bd3 d6 7. O-O Nf6 8. a3
e6 9. Kh1 Be7 10. f4 Nbd7 11. f5 e5 12. Nde2 Nc5 13. Ng3 h5 14. Qf3 h4 15. Nge2
d5 16. exd5 e4 17. Nxe4 Ncxe4 18. Bxe4 Nxe4 19. Qxe4 Bxd5 20. Qg4 h3 21. Nf4
hxg2+ 22. Nxg2 Bf6 23. c3 Rc8 24. Bf4 Rc4 25. Rae1+ Kf8 26. Re2 Qa8 27. Kg1
Qa7+ 28. Rff2 Bc6 29. Qg3 Rh5 30. Kf1 Kg8 31. h3 Qb7 32. Ne3 Re4 33. Qh2 a5 34.
Ng4 Rxf5 35. Nxf6+ Rxf6 36. Rxe4 Bxe4 37. Be5 Rg6 38. Ke1 Qd5 39. Qf4 Rg1+ 40.
Rf1 Bf3 41. Rxg1 Qd1+ 42. Kf2 Qe2+ 43. Kg3 1-0

[Event "Nezhmetdinov Cup 2013"]
[Site "?"]
[Date "2013.06.03"]
[Round "4.44"]
[White "Konakov, Nikolay"]
[Black "Fedotov, Alexey"]
[Result "1-0"]
[WhiteElo "2121"]
[BlackElo "1861"]
[PlyCount "81"]
[EventDate "2013.06.04"]

1. e4 c6 2. d4 d5 3. exd5 cxd5 4. c4 Nf6 5. Nc3 e6 6. Nf3 Be7 7. Bd3 dxc4 8.
Bxc4 O-O 9. O-O Nbd7 10. a3 Nb6 11. Bb3 Nbd5 12. Qd3 b6 13. Ne5 Bb7 14. Re1 Rc8
15. Bc2 Nxc3 16. bxc3 Qc7 17. c4 Ba6 18. Bg5 Bxc4 19. Qh3 g6 20. Rac1 b5 21.
Bd3 Qd8 22. Bxc4 bxc4 23. Bh6 Re8 24. Nxf7 Qxd4 25. Ne5 Bd6 26. Rcd1 Qb6 27.
Rb1 Qc7 28. Nf3 e5 29. Bg5 Nd5 30. Nd2 c3 31. Ne4 c2 32. Qd3 Nf4 33. Qb3+ Qc4
34. Qxc4+ Rxc4 35. Nxd6 cxb1=Q 36. Rxb1 Rec8 37. Nxc8 Rxc8 38. Kf1 Rf8 39. Bh6
Rd8 40. g3 Nd5 41. Rb7 1-0

[Event "Nezhmetdinov Cup 2013"]
[Site "?"]
[Date "2013.06.03"]
[Round "4.45"]
[White "Gromak, Ivan"]
[Black "Orekhov, Nikolai"]
[Result "1/2-1/2"]
[WhiteElo "1894"]
[BlackElo "2121"]
[PlyCount "80"]
[EventDate "2013.06.04"]

1. Nf3 d5 2. d4 Nf6 3. c4 c6 4. e3 Bf5 5. Nc3 e6 6. Nh4 Bg6 7. Nxg6 hxg6 8. Bd3
Nbd7 9. h3 Bd6 10. O-O Qe7 11. e4 dxe4 12. Nxe4 Nxe4 13. Bxe4 Nf6 14. Bf3 Bc7
15. Be3 O-O 16. Re1 a5 17. Qc2 Bd6 18. a3 Qc7 19. Rad1 Bf4 20. Bxf4 Qxf4 21. d5
cxd5 22. cxd5 exd5 23. Bxd5 Nxd5 24. Rxd5 Rfe8 25. Red1 Rac8 26. Qd2 Qxd2 27.
R1xd2 b6 28. Rd6 b5 29. Rb6 Re5 30. Rb7 a4 31. g4 Rc4 32. Kg2 g5 33. Kg3 g6 34.
Rd8+ Kg7 35. Rdd7 Rf4 36. Rd2 Rc4 37. Rdd7 Rf4 38. Rd2 Rc4 39. Rdd7 Rf4 40. Rd2
Rc4 1/2-1/2

[Event "Nezhmetdinov Cup 2013"]
[Site "?"]
[Date "2013.06.03"]
[Round "4.46"]
[White "Tukaeva, Adelya"]
[Black "Sadykov, Mars"]
[Result "1-0"]
[WhiteElo "1655"]
[BlackElo "2113"]
[PlyCount "105"]
[EventDate "2013.06.04"]

1. c4 e5 2. g3 Nf6 3. Bg2 Be7 4. Nc3 O-O 5. d3 d6 6. Nf3 c6 7. O-O Nbd7 8. e4
a5 9. h3 Nc5 10. Be3 Qc7 11. Ne1 Bd7 12. f4 exf4 13. gxf4 Ne8 14. f5 Bf6 15. d4
Na6 16. Nf3 g6 17. Bh6 Ng7 18. e5 dxe5 19. dxe5 Bxe5 20. Nxe5 Qxe5 21. Qxd7
Rfd8 22. Qxb7 Nxf5 23. Bf4 Qd4+ 24. Kh1 Nc5 25. Qxc6 Nd3 26. Qf3 Qxc4 27. Qe4
Qc5 28. Kh2 Nxb2 29. Qc2 Rac8 30. Qxb2 Qxc3 31. Qxc3 Rxc3 32. Rac1 Ra3 33. Rf2
h5 34. Rc5 Rd7 35. Bc1 Rad3 36. Rxa5 Nh4 37. Ra8+ Rd8 38. Rxd8+ Rxd8 39. Bg5
Rd4 40. Bxh4 Rxh4 41. Bd5 Rd4 42. Bxf7+ Kg7 43. Bb3 g5 44. Rf5 Kg6 45. Rd5 Rb4
46. Bc2+ Kf6 47. Rf5+ Ke6 48. Rxg5 Rb2 49. Rg2 Ke5 50. Bb3 Rb1 51. Kg3 Kf6 52.
Kh4 Rh1 53. Rg3 1-0

[Event "Nezhmetdinov Cup 2013"]
[Site "?"]
[Date "2013.06.03"]
[Round "4.49"]
[White "Ovchinnikov, Vsevolod"]
[Black "Krotiuk, Daria"]
[Result "1-0"]
[WhiteElo "2006"]
[BlackElo "1916"]
[PlyCount "101"]
[EventDate "2013.06.04"]

1. d4 Nf6 2. c4 c5 3. d5 b5 4. cxb5 a6 5. bxa6 Bxa6 6. Nc3 g6 7. Nf3 Bg7 8. e4
Bxf1 9. Kxf1 d6 10. g3 O-O 11. Kg2 Nbd7 12. Qc2 Qa5 13. Bd2 Rfb8 14. b3 Qa6 15.
Rab1 Ne8 16. a4 Nc7 17. Nd1 Rb7 18. Ne3 Rab8 19. h4 Nb6 20. h5 c4 21. hxg6 fxg6
22. bxc4 Nxc4 23. Rxb7 Nxe3+ 24. Bxe3 Qxb7 25. Rc1 Na6 26. Qc6 h6 27. Qxb7 Rxb7
28. Rc6 Nb4 29. Rb6 Rxb6 30. Bxb6 Kf7 31. Nd4 Ke8 32. Ne6 Bc3 33. a5 Na6 34.
Kh3 Be1 35. f4 Bd2 36. Nc7+ Nxc7 37. Bxc7 Be3 38. Bb6 Bxb6 39. axb6 Kd7 40. Kh4
Kc8 41. f5 gxf5 42. exf5 Kb7 43. Kh5 Kxb6 44. Kxh6 Kc5 45. g4 Kxd5 46. g5 Ke5
47. g6 Kxf5 48. g7 e5 49. g8=Q Kf4 50. Qf8+ Ke3 51. Qxd6 1-0

[Event "Nezhmetdinov Cup 2013"]
[Site "?"]
[Date "2013.06.03"]
[Round "4.50"]
[White "Ivanov, Vladislav"]
[Black "Kozina, Anastasia"]
[Result "1-0"]
[WhiteElo "2002"]
[BlackElo "1733"]
[PlyCount "123"]
[EventDate "2013.06.04"]

1. e4 e6 2. d4 d5 3. exd5 exd5 4. Nf3 Nf6 5. Bd3 Bd6 6. O-O O-O 7. Bg5 Nbd7 8.
c4 dxc4 9. Bxc4 h6 10. Bh4 c5 11. Nc3 a6 12. Ne4 Be7 13. Nxc5 b5 14. Nxd7 Bxd7
15. Be2 Nd5 16. Bxe7 Qxe7 17. Ne5 Be6 18. Bf3 Rac8 19. Nd3 Rfd8 20. Nc5 Nf4 21.
Nxe6 Qxe6 22. Qd2 Qf6 23. Rfd1 Nh3+ 24. Kh1 Ng5 25. Qe2 Rxd4 26. Rxd4 Qxd4 27.
Rd1 Qf4 28. Bd5 Rc1 29. Bb3 Rxd1+ 30. Bxd1 Qc1 31. Qc2 Qxc2 32. Bxc2 Ne6 33.
Kg1 Kf8 34. Kf1 Ke7 35. Ke1 Kd6 36. Kd2 Kc5 37. Bb3 Ng5 38. Ke3 a5 39. h4 Nh7
40. Bxf7 Nf6 41. f3 Nd7 42. Be6 Ne5 43. f4 Nc6 44. g4 Kd6 45. Bg8 b4 46. Bb3
Ne7 47. Ke4 Nc6 48. g5 hxg5 49. hxg5 Nd8 50. Kf5 Ke7 51. Kg6 Kf8 52. Bd5 a4 53.
f5 a3 54. bxa3 bxa3 55. Kh7 Nf7 56. Bxf7 Kxf7 57. g6+ Kf6 58. Kh8 Kxf5 59. Kxg7
Ke4 60. Kf6 Kd3 61. g7 Kc2 62. g8=Q 1-0

[Event "Nezhmetdinov Cup 2013"]
[Site "?"]
[Date "2013.06.03"]
[Round "4.51"]
[White "Murtazin, Ruslan"]
[Black "Matsenko, Elena"]
[Result "0-1"]
[WhiteElo "1710"]
[BlackElo "1966"]
[PlyCount "70"]
[EventDate "2013.06.04"]

1. e4 c5 2. Nf3 Nc6 3. d4 cxd4 4. Nxd4 Qc7 5. Nc3 e6 6. Be3 a6 7. Be2 Nf6 8.
O-O Bb4 9. f3 b5 10. a3 Be7 11. f4 Nxd4 12. Bxd4 Bb7 13. e5 Nd5 14. Nxd5 Bxd5
15. f5 Bc5 16. c3 Rc8 17. Kh1 Qc6 18. Bf3 Bxf3 19. Rxf3 exf5 20. Rxf5 O-O 21.
Bxc5 Qxc5 22. Qxd7 g6 23. Rf3 Rcd8 24. Qb7 Qxe5 25. Raf1 Qe6 26. R3f2 Rd7 27.
Qf3 Rfd8 28. h3 f5 29. Re2 Qc4 30. Rfe1 Rd3 31. Qb7 Rd1 32. Re7 Rxe1+ 33. Rxe1
Qh4 34. Re2 Qg3 35. Rd2 Qe1+ 0-1